00438nam a2200193Ia 4500008004100000020001800041050001600059100001800075245002000093245002100113260001000134260001700144260000900161300001600170300002000186300001000206300002200216440000600238170918s9999 xx 000 0 und d a9780310709442 bE482be 2006 aElmer, Robert aBeetle bunker / cby Robert Elmer. aUSA : bZonder Kidz, c2006 a155 pages : billustrations ; c20cm. eThe wall series ; a2